000 00704nam a2200241Ia 4500
003 OSt
005 20220923224711.0
006 a|||||r|||| 00| 0
007 ta
008 220922b |||||||| |||| 00| 0 hin d
024 _a248,904
037 _cTextual
040 _aARTS
_cARTS
_bhin
041 _2hin
_ahin
082 _aO152,1I80,1:g, K3;K9
245 0 _aपद्मावत का शास्त्रीय प्रभाव
246 _aPadmāvat kā shāstrīya prabhāva
260 _c1969
300 _a853पृ.
_ccm.
650 _aहिन्दी साहित्य
_9156264
942 _hO152,1I80,1:g, K3;K9
_cTEXL
_2CC
999 _c373055
_d373055